| 000 | 00717nam a22002177a 4500 | ||
|---|---|---|---|
| 003 | OSt | ||
| 008 | 251115b |||||||| |||| 00| 0 eng d | ||
| 020 | _a9788119238811 | ||
| 082 |
_a631.37076 _bD41S |
||
| 100 | _aDeogirikar, Amit Ashokrao. | ||
| 245 |
_aSubjective and Objective Questions on Farm Machinery and Power / _cby Amit Ashokrao Deogirikar and Ranjit Vasant Power |
||
| 260 |
_a.- New Delhi _b: Brillion Publishing _c, 2024 |
||
| 300 | _av,279p. | ||
| 650 | _aTechnology (Applied Sciences) | ||
| 650 | _aAgriculture and Related Technology | ||
| 650 | _aFarm Machinery | ||
| 650 | _aFarm Machinery and Power | ||
| 650 | _aQuestions and Answers | ||
| 700 | _aPowar, Ranjit Vasant. | ||
| 942 |
_2ddc _cBK |
||
| 999 |
_c49179 _d49179 |
||